| 000 | 00871nam a22002897a 4500 | ||
|---|---|---|---|
| 001 | BR7804671 | ||
| 003 | BR-BrBNA | ||
| 005 | 20230928085659.0 | ||
| 007 | ta | ||
| 008 | 230509b bl.||||| |||| 00| 0 por d | ||
| 040 |
_aBR-BrBNA _bpor _cBiblioteca Nacional de Agricultura |
||
| 041 | _a(Por) | ||
| 072 |
_aE15; C00 _b/G514 |
||
| 090 | _ E15 BR7804671 | ||
| 100 | 1 | _aAlbuquerque, M.C.C. de | |
| 110 | 1 |
_aFundacao do Desenvolvimento Administrativo, Sao Paulo, SP (Brasil) _94877 |
|
| 245 | 1 |
_aInroducao a administracao rural [Microeconomia; Curso; Brasil] _b1. Curso de Administracao Rural |
|
| 260 | 3 |
_aSao Paulo, SP (Brasil): _c[nd]. |
|
| 300 | _a15 p. | ||
| 500 | _a5 illus.; Published 1978? | ||
| 650 | _aMicroeconomia | ||
| 650 | _aEducacao | ||
| 650 | _aAdministracao rural | ||
| 650 | _aCurso | ||
| 909 |
_a202309 _bLucia _c55 _dLucia Elande |
||
| 942 | _cBK | ||
| 999 |
_c25747 _d25747 |
||